<?xml version="1.0" encoding="UTF-8"?>
<record
    xmlns:xsi="http://www.w3.org/2001/XMLSchema-instance"
    xsi:schemaLocation="http://www.loc.gov/MARC21/slim http://www.loc.gov/standards/marcxml/schema/MARC21slim.xsd"
    xmlns="http://www.loc.gov/MARC21/slim">

  <leader>02755cam a2200469 i 4500</leader>
  <controlfield tag="001">0006876618</controlfield>
  <controlfield tag="003">OSt</controlfield>
  <controlfield tag="005">20260627095443.0</controlfield>
  <controlfield tag="008">221019s2023    quca   j b    000 0bfre  </controlfield>
  <datafield tag="020" ind1=" " ind2=" ">
    <subfield code="a">9782897097738</subfield>
  </datafield>
  <datafield tag="020" ind1=" " ind2=" ">
    <subfield code="a">2897097736</subfield>
  </datafield>
  <datafield tag="040" ind1=" " ind2=" ">
    <subfield code="a">QMBN</subfield>
    <subfield code="b">fre</subfield>
    <subfield code="e">rda</subfield>
    <subfield code="c">QMBN</subfield>
    <subfield code="d">QMBND</subfield>
  </datafield>
  <datafield tag="043" ind1=" " ind2=" ">
    <subfield code="a">n-cn-qu</subfield>
    <subfield code="a">n-cn-qu</subfield>
    <subfield code="b">n-cn-qf</subfield>
    <subfield code="2">cagraq</subfield>
  </datafield>
  <datafield tag="050" ind1=" " ind2="4">
    <subfield code="a">GV848.5*</subfield>
  </datafield>
  <datafield tag="082" ind1="0" ind2="4">
    <subfield code="a">J 927.969 S145g</subfield>
    <subfield code="b">S145g</subfield>
    <subfield code="2">23/fre/202303</subfield>
  </datafield>
  <datafield tag="082" ind1="0" ind2="4">
    <subfield code="a">796.962092</subfield>
    <subfield code="b">S145g</subfield>
    <subfield code="2">23/fre/202303</subfield>
  </datafield>
  <datafield tag="082" ind1="0" ind2="5">
    <subfield code="a">927.96962</subfield>
    <subfield code="b">S145g</subfield>
    <subfield code="2">23/fre/202304</subfield>
  </datafield>
  <datafield tag="091" ind1="0" ind2=" ">
    <subfield code="a">927.96962</subfield>
  </datafield>
  <datafield tag="100" ind1="1" ind2=" ">
    <subfield code="a">Godin, Joanie,</subfield>
    <subfield code="d">1984-</subfield>
    <subfield code="e">auteur</subfield>
  </datafield>
  <datafield tag="245" ind1="1" ind2="0">
    <subfield code="a">Martin St-Louis /</subfield>
    <subfield code="c">Joanie Godin ; id&#x11B; originale de R&#x1F0;ean Tremblay et Louise Gaudreault ; illustrations int&#x159;ieures : Marie-Anne C. Duplessis</subfield>
  </datafield>
  <datafield tag="264" ind1=" " ind2="1">
    <subfield code="a">[Blainville, Qub&#x30C;ec] :</subfield>
    <subfield code="b">Boomerang,</subfield>
    <subfield code="c">[2023]</subfield>
  </datafield>
  <datafield tag="300" ind1=" " ind2=" ">
    <subfield code="a">248 pages :</subfield>
    <subfield code="b">illustrations ;</subfield>
    <subfield code="c">23 cm</subfield>
  </datafield>
  <datafield tag="336" ind1=" " ind2=" ">
    <subfield code="a">texte</subfield>
    <subfield code="b">txt</subfield>
    <subfield code="2">rdacontent</subfield>
  </datafield>
  <datafield tag="337" ind1=" " ind2=" ">
    <subfield code="a">sans m&#x10F;iation</subfield>
    <subfield code="b">n</subfield>
    <subfield code="2">rdamedia</subfield>
  </datafield>
  <datafield tag="338" ind1=" " ind2=" ">
    <subfield code="a">volume</subfield>
    <subfield code="b">nc</subfield>
    <subfield code="2">rdacarrier</subfield>
  </datafield>
  <datafield tag="490" ind1="0" ind2=" ">
    <subfield code="a">Raconte-moi ;</subfield>
    <subfield code="v">55</subfield>
  </datafield>
  <datafield tag="504" ind1=" " ind2=" ">
    <subfield code="a">Comprend des rf&#x30C;&#x159;ences bibliographiques (pages 247-248)</subfield>
  </datafield>
  <datafield tag="520" ind1=" " ind2=" ">
    <subfield code="a">Toute sa vie, Martin St-Louis s&#x2019;est fait dire qu&#x2019;il &#xE9;tait trop petit pour jouer au hockey. Aucune &#xE9;quipe ne l&#x2019;a rep&#xEA;ch&#xE9;, mais il s&#x2019;est accroch&#xE9; au conseil que sa maman lui r&#xE9;p&#xE9;tait toujours, soit : &#xAB; Montre-leur ce que tu es capable de faire ! &#xBB; et il a donc redoubl&#xE9; d&#x2019;efforts pour r&#xE9;aliser son r&#xEA;ve. Au moment d&#x2019;accrocher ses patins, ses statistiques sont &#xE9;loquentes : plus de 1000 matchs jou&#xE9;s dans la LNH, une coupe Stanley, une m&#xE9;daille d&#x2019;or olympique, l&#x2019;or &#xE0; la Coupe du monde de hockey et une tonne de troph&#xE9;es. Pas si mal ! Comme si ce n&#x2019;&#xE9;tait pas assez, Martin a maintenant la chance de partager son exp&#xE9;rience en dirigeant les Canadiens de Montr&#xE9;al !</subfield>
  </datafield>
  <datafield tag="521" ind1=" " ind2=" ">
    <subfield code="a">Pour enfants de 8 ans et plus</subfield>
  </datafield>
  <datafield tag="600" ind1="1" ind2="6">
    <subfield code="a">St-Louis, Martin,</subfield>
    <subfield code="d">1975-</subfield>
  </datafield>
  <datafield tag="600" ind1="1" ind2="7">
    <subfield code="a">St-Louis, Martin,</subfield>
    <subfield code="d">1975-</subfield>
    <subfield code="2">vmj</subfield>
  </datafield>
  <datafield tag="610" ind1="2" ind2="6">
    <subfield code="a">Ligue nationale de hockey</subfield>
    <subfield code="v">Biographies</subfield>
    <subfield code="v">Ouvrages pour la jeunesse</subfield>
  </datafield>
  <datafield tag="610" ind1="2" ind2="7">
    <subfield code="a">Ligue nationale de hockey</subfield>
    <subfield code="2">vmj</subfield>
  </datafield>
  <datafield tag="650" ind1=" " ind2="6">
    <subfield code="a">Joueurs de hockey</subfield>
    <subfield code="z">Qub&#x30C;ec (Province)</subfield>
    <subfield code="v">Biographies</subfield>
    <subfield code="v">Ouvrages pour la jeunesse</subfield>
  </datafield>
  <datafield tag="650" ind1=" " ind2="6">
    <subfield code="a">Hockey</subfield>
    <subfield code="x">Entran&#x30B;eurs</subfield>
    <subfield code="z">Qub&#x30C;ec (Province)</subfield>
    <subfield code="z">Montr&#x1CE;l</subfield>
    <subfield code="v">Biographies</subfield>
    <subfield code="v">Ouvrages pour la jeunesse</subfield>
  </datafield>
  <datafield tag="650" ind1=" " ind2="7">
    <subfield code="a">Joueurs de hockey</subfield>
    <subfield code="z">Qub&#x30C;ec (Province)</subfield>
    <subfield code="v">Biographies</subfield>
    <subfield code="2">vmj</subfield>
  </datafield>
  <datafield tag="655" ind1=" " ind2="7">
    <subfield code="a">Livres documentaires pour la jeunesse</subfield>
    <subfield code="2">rvmgf</subfield>
  </datafield>
  <datafield tag="655" ind1=" " ind2="7">
    <subfield code="a">Biographies</subfield>
    <subfield code="2">rvmgf</subfield>
  </datafield>
  <datafield tag="942" ind1=" " ind2=" ">
    <subfield code="2">ddc</subfield>
    <subfield code="c">DOC JEUNE</subfield>
  </datafield>
  <datafield tag="999" ind1=" " ind2=" ">
    <subfield code="c">18908</subfield>
    <subfield code="d">18908</subfield>
  </datafield>
  <datafield tag="952" ind1=" " ind2=" ">
    <subfield code="0">0</subfield>
    <subfield code="1">0</subfield>
    <subfield code="2">ddc</subfield>
    <subfield code="4">0</subfield>
    <subfield code="7">0</subfield>
    <subfield code="a">HENRYVILLE</subfield>
    <subfield code="b">HENRYVILLE</subfield>
    <subfield code="d">2026-06-27</subfield>
    <subfield code="l">0</subfield>
    <subfield code="o">J 927.969 S145g</subfield>
    <subfield code="p">30001030039319</subfield>
    <subfield code="r">2026-06-27 09:55:12</subfield>
    <subfield code="w">2026-06-27</subfield>
    <subfield code="y">DOC JEUNE</subfield>
  </datafield>
</record>
